Best practice : Business english in context
Wedi'i Gadw mewn:
| Prif Awdur: | |
|---|---|
| Fformat: | Llyfr |
| Iaith: | Undetermined |
| Cyhoeddwyd: |
New Jersey
Thomson
2005
|
| Pynciau: | |
| Tagiau: |
Ychwanegu Tag
Dim Tagiau, Byddwch y cyntaf i dagio'r cofnod hwn!
|
| Thư viện lưu trữ: | Trung tâm Học liệu Trường Đại học Cần Thơ |
|---|
| LEADER | 00561nam a2200217Ia 4500 | ||
|---|---|---|---|
| 001 | CTU_100679 | ||
| 008 | 210402s9999 xx 000 0 und d | ||
| 020 | |c 121500 | ||
| 082 | |a 428.0071 | ||
| 082 | |b B561e/CD.1 | ||
| 100 | |a Mascull, Bill | ||
| 245 | 0 | |a Best practice : | |
| 245 | 0 | |b Business english in context | |
| 245 | 0 | |c Bill Mascull | |
| 260 | |a New Jersey | ||
| 260 | |b Thomson | ||
| 260 | |c 2005 | ||
| 650 | |a English language | ||
| 650 | |x Study and teaching | ||
| 904 | |a Vương | ||
| 980 | |a Trung tâm Học liệu Trường Đại học Cần Thơ | ||